LA UNIVERSIDAD Y LA PROMOCION DEL CAMBIO SOCIAL/

保存先:
書誌詳細
その他の著者: Hernández, Oscar (compilación) (compilación)
フォーマット: 図書
主題:
タグ: タグ追加
タグなし, このレコードへの初めてのタグを付けませんか!

MARC

LEADER 00000nam^a2200000^a^4500
001 000220518
005 20250521000000.0
009 20260310103848.715
020 |a 968-6101-15-2 
035 |a 002158 
037 |a Acervo Xavier Clavigero 
082 |a 378. 103  |b UNI 
245 1 3 |a LA UNIVERSIDAD Y LA PROMOCION DEL CAMBIO SOCIAL/  |c COMP. OSCAR HERNANDEZ 
264 |a Guadalajara, México :  |b ITESO, PRAXIS, FUNDACION FRIEDRICH NAUMANN,  |c 1990 
300 |a 221p. 
336 |a texto  |b txt  |2 rdacontenido 
337 |a sin mediación  |b n  |2 rdamedio 
338 |a volumen  |b nc  |2 rdasoporte 
649 |a XX 
650 |a Comunidad y Escuela 
650 |a UNIVERSIDADES Y COLEGIOS -  |x MEXICO 
700 |a Hernández, Oscar  |e (compilación) 
910 |a Fondo General 
920 |a Impresos - Libros 
930 |a Colección General 
905 |a 101 
901 |a 002158  |b IT1  |c ACC  |i 002158  |u 20250521 
901 |a 036595  |b IT1  |c ACC  |i 036595  |u 20250521 
901 |a 037984  |b IT1  |c ACC  |i 037984  |u 20250521 
902 |a https://opac.biblio.iteso.mx/vufind/Record/000220518